Alle Spieler von Barcelona seit 00/01 - Statistiken

Allgemein
  • Dieses Quiz wurde 73 mal gespielt
  • Das Durchschnittsergebnis liegt bei 71 aus 272
Antwortstatistiken
FC Barcelona % Korrekt
Lionel Messi
98%
Marc-Andre Ter Stegen
96%
Andres Iniesta
95%
Denis Suarez
93%
Luis Suarez
93%
Xavi
88%
Raphinha
86%
Robert Lewandowski
86%
Ronaldinho
86%
Sergio Busquets
86%
Gerard Pique
84%
Neymar
84%
Pedri
84%
Uri Busquets
84%
Lamine Yamal
82%
Frenkie De Jong
80%
Luuk De Jong
80%
Pablo Torre
80%
Ferran Torres
77%
Joan Garcia
75%
Victor Valdes
75%
Gavi
73%
Carles Puyol
71%
Eric Garcia
71%
Xavi Torres
71%
Zlatan Ibrahimovic
71%
Dani Garcia
70%
Jordi Alba
70%
Luis Garcia
70%
Sergio Garcia
70%
Thierry Henry
66%
Antoine Griezmann
64%
David Villa
64%
Ivan Rakitic
64%
Ousmane Dembele
63%
Dani Alves
61%
Philippe Coutinho
61%
Samuel Eto'o
61%
Dani Olmo
59%
Jesus Olmo
59%
Pedro
59%
Alexis Sanchez
57%
Jules Kounde
55%
Pau Cubarsi
55%
Samuel Umtiti
55%
Victor Sanchez
55%
Alejandro Balde
54%
David Sanchez
54%
Gerard Martin
54%
Thiago
54%
Andreas Christensen
52%
Fermin Lopez
52%
Inigo Martinez
52%
Frank De Boer
50%
Ruben Martinez
50%
Ansu Fati
48%
Ilkay Gündogan
48%
Marcus Rashford
48%
Memphis Depay
48%
Aleix Vidal
46%
Arturo Vidal
46%
Borja Lopez
46%
Gerard Lopez
46%
Maxi Lopez
46%
Oscar Lopez
46%
Rafinha
46%
Rivaldo
46%
Javier Mascherano
45%
Ronald Araujo
45%
Claudio Bravo
43%
Dro Fernandez
43%
Toni Fernandez
43%
Arda Turan
41%
Eric Abidal
41%
Sergi Roberto
41%
Wojciech Szczesny
41%
Clement Lenglet
39%
Deco
39%
Joao Cancelo
39%
Pierre-Emerick Aubameyang
39%
Rodri
39%
Cesc Fabregas
38%
Martin Braithwaite
38%
Kevin-Prince Boateng
36%
Marcos Alonso
36%
Sergino Dest
36%
Miralem Pjanic
34%
Pep Guardiola
34%
Rafa Marquez
34%
Yaya Toure
34%
Dani Rodriguez
32%
Marc Casado
32%
Patrick Kluivert
32%
Adama Traore
30%
Andre Gomes
30%
Nelson Semedo
30%
Bojan Krkic
29%
Jeremy Mathieu
29%
Jordi Gomez
29%
Riqui Puig
29%
Sergi Gomez
29%
Jasper Cillessen
27%
Joao Felix
27%
Abraham Gonzalez
25%
Inaki Pena
25%
Jose Manuel Pinto
25%
Luis Enrique
25%
Marc Bartra
25%
Nico Gonzalez
25%
Thomas Vermaelen
25%
Yusuf Demir
25%
Ivan De La Pena
23%
Matheus Fernandes
23%
Adriano
21%
Aleksandr Hleb
21%
Alen Halilovic
21%
Arthur Melo
21%
Francisco Trincao
21%
Gianluca Zambrotta
21%
Henrik Larsson
21%
Malcom
21%
Marc Bernal
21%
Mark Van Bommel
21%
Pepe Reina
21%
Sergio Aguero
21%
Alex Song
20%
Carles Perez
20%
Giovanni Van Bronckhorst
20%
Juan Roman Riquelme
20%
Lilian Thuram
20%
Neto
20%
Paco Alcacer
20%
Carles Alena
18%
Cristian Tello
18%
Hector Bellerin
18%
Sandro Ramirez
18%
Eidur Gudjohnsen
16%
Franck Kessie
16%
Gabriel Milito
16%
Giovani Dos Santos
16%
Jonathan Dos Santos
16%
Marc Overmars
16%
Martin Montoya
16%
Oscar Mingueza
16%
Roony Bardghji
16%
Seydou Keita
16%
Edgar Davids
14%
Emmanuel Petit
14%
Oriol Romeu
14%
Ricardo Quaresma
14%
Sylvinho
14%
Gerard Deulofeu
13%
Hector Fort
13%
Javier Saviola
13%
Ludovic Giuly
13%
Marc Guiu
13%
Maxwell
13%
Munir El Haddadi
13%
Pau Victor
13%
Ibrahim Afellay
11%
Juliano Belletti
11%
Marc Cucurella
11%
Paulinho
11%
Ramon Ros
11%
Robert Enke
11%
Thiago Motta
11%
Yerry Mina
11%
Edmilson
9%
Emerson Royal
9%
Jeffren
9%
Konrad De La Fuente
9%
Martin Caceres
9%
Michael Reiziger
9%
Nolito
9%
Phillip Cocu
9%
Sergi Samper
9%
Abde Ezzalzouli
7%
Abel Ruiz
7%
Jean-Clair Todibo
7%
Junior Firpo
7%
Lucas Digne
7%
Oleguer
7%
Patrik Andersson
7%
Albert Jorquera
5%
Dmytro Chygrynskyi
5%
Douglas
5%
Gabri
5%
Ilaix Moriba
5%
Jeison Murillo
5%
Juan Miranda
5%
Juan Pablo Sorin
5%
Moussa Wague
5%
Simao
5%
Alex Collado
4%
Alfonso
4%
Andres Cuenca
4%
Boudewijn Zenden
4%
David Costas
4%
Edgar Ie
4%
Fernando Navarro
4%
Ilias Akhomach
4%
Isaac Cuenca
4%
Jofre Torrents
4%
Jonathan Soriano
4%
Jordi Masip
4%
Jorge Cuenca
4%
Jose Manuel Arnaiz
4%
Marc Muniesa
4%
Sergi Dominguez
4%
Vitor Roque
4%
Abelardo
2%
Alberto Botia
2%
Andreu Fontas
2%
Chadi Riad
2%
Damia Abella
2%
Ferran Jutgla
2%
Francesco Coco
2%
Jean Marie Dongou
2%
Ludovic Sylvestre
2%
Marlon
2%
Mika Marmol
2%
Oier Olazabal
2%
Rüstü Recber
2%
Aitor Cantalapiedra
0%
Aleix Garrido
0%
Alex Carbonell
0%
Alvaro Sanz
0%
Andrea Orlandi
0%
Angel Alarcon
0%
Carles Planas
0%
Chumi
0%
Cristian Hidalgo
0%
Dani Tortolero
0%
David Bermudo
0%
Demetrio Albertini
0%
Estanis Pedrola
0%
Fabio Rochemback
0%
Fali
0%
Francesc Arnau
0%
Gai Assulin
0%
Gaizka Mendieta
0%
Geovanni
0%
Gerard Gumbau
0%
Javi Martos
0%
Javito
0%
Joan Verdu
0%
Jofre Mateu
0%
Jose Manuel Rueda
0%
Juan Camara
0%
Marc Cardona
0%
Marc Crosas
0%
Marc Valiente
0%
Mario Abrante
0%
Marti Riverola
0%
Monchu
0%
Nano
0%
Nili Perdomo
0%
Oriol Riera
0%
Paco Montanes
0%
Patric
0%
Philippe Christanval
0%
Pitu
0%
Ramon Maso
0%
Richard Dutruel
0%
Roberto Bonano
0%
Roberto Trashorras
0%
Ruben Mino
0%
Santiago Ezquerro
0%
Sergi Barjuan
0%
Sergio Santamaria
0%
Victor Vazquez
0%
Wilfrid Kaptoum
0%
Keine übereinstimmenden Quizze gefunden
Verteilung der Resultate
Anzahl Personen mit jedem Resultat
Perzentil nach korrekt beantworteten Fragen
Ihre Resultats-Entwicklung
Sie haben dieses Quiz noch nicht gespielt